| 000 | 00596nam a22002057a 4500 | ||
|---|---|---|---|
| 003 | BD-DhJNU | ||
| 005 | 20251019090142.0 | ||
| 008 | 251019b |||||||| |||| 00| 0 eng d | ||
| 020 | _a0521804272 | ||
| 020 | _a0521009650 | ||
| 040 |
_aBD-DhJNU _bENG _cBD-DhJNU _dBD-DhJNU |
||
| 082 |
_223 _a532.5 |
||
| 100 | _aDrazin, P. G | ||
| 245 |
_aIntroduction to hydrodynamic stability / _cP.G. Drazin |
||
| 260 |
_aCambridge : _bCambridge University Press, _c2002. |
||
| 300 |
_axvii, 258 p. : _bill. ; _c24 cm. |
||
| 504 | _aincludes index | ||
| 650 | _aHydrodynamic stability | ||
| 942 |
_2ddc _cBK _n0 |
||
| 999 |
_c2288 _d2288 |
||